Διερεύνηση λειτουργίας Φ μια τεχνικοοικονομική προσέγγιση : διπλωματική εργασία
Αποθηκεύτηκε σε:
| Κύριος συγγραφέας: | |
|---|---|
| Συγγραφή απο Οργανισμό/Αρχή: | |
| Άλλοι συγγραφείς: | |
| Μορφή: | Thesis Βιβλίο |
| Γλώσσα: | Greek |
| Δημοσίευση: |
2011
|
| Θέματα: | |
| Ετικέτες: |
Προσθήκη ετικέτας
Δεν υπάρχουν, Καταχωρήστε ετικέτα πρώτοι!
|
MARC
| LEADER | 00000cam a2200000 i 4500 | ||
|---|---|---|---|
| 001 | 1/15941 | ||
| 008 | 111024s2011 gre d | ||
| 035 | |l 10111176 | ||
| 040 | |a GR-MY-UA |b gre |e aacr | ||
| 041 | 0 | |a gre | |
| 082 | 0 | |a 333.79 |2 (22) | |
| 100 | 1 | |a Ασβεστάς, Νικόλαος. | |
| 245 | 1 | 0 | |a Διερεύνηση λειτουργίας Φ/Β σταθμού 1MW στην Ελλάδα : |b μια τεχνικοοικονομική προσέγγιση : διπλωματική εργασία / |c Ασβεστάς Νικόλαος ; [επιβλέπων καθηγητής: Δίας Χαραλαμπόπουλος] |
| 260 | |c 2011 | ||
| 300 | |a 67 σ.; |b πιν.; |c 30 εκ. | ||
| 502 | # | # | |a Πτυχιακή εργασία – Πανεπιστήμιο Αιγαίου, Λέσβος, 2011. |
| 504 | |a Βιβλιογραφία: σ. 65-67 | ||
| 650 | 0 | 0 | |a Photovoltaic power systems |x Economic aspects |z Greece. |
| 650 | 0 | 0 | |a Photovoltaic power generation. |
| 650 | 0 | 0 | |a Solar energy |z Greece. |
| 650 | 0 | 0 | |a Dissertations, Academic |z Greece. |
| 700 | 1 | |a Χαραλαμπόπουλος, Δίας. |4 ths | |
| 710 | 2 | |a Πανεπιστήμιο Αιγαίου. |b Σχολή Περιβάλλοντος. |b Τμήμα Περιβάλλοντος. | |
| 852 | |a INST |b LESVOS |c DIATR |e 20111024 |h 1341 |p 005100051252 |q 005100051252 |t DIE |y 23 | ||
| 852 | |a INST |b LESVOS |c DIATR |e 20111024 |h 1342 |p 005100051251 |q 005100051251 |t DIE |y 23 | ||
| 901 | |a BIBL1-2011-3 | ||
| 909 | |a Λ |b 172890 | ||
| 909 | |a Λ |b 172891 | ||
| 924 | |a ΑΣΒΕΣΤΑΣ |b ΝΙΚΟΛΑΟΣ |y ΛΕΣΒΟΣ |z 2011-05 | ||
| 970 | |a ΤΖΑΦΕΡΗ |b ΕΥΑΓΓΕΛΙΑ |z 2011/10/24 | ||